Statistics for Guess the Mitski song by synonym

Click here to take the quiz!

General Stats

  • This quiz has been taken 85 times
  • The average score is 11 of 16

Answer Stats

HintAnswer% Correct
A GemA Pearl
88%
RectangleSquare
85%
A Flaming MountainA Burning Hill
84%
JoyfulHappy
84%
I Dislike My BrainI Don't Like My Mind
80%
Duo Steady BalletsTwo Slow Dancers
77%
Insect Similar to SaintBug Like An Angel
69%
My Torso's Built By Crumbled Tiny SunsMy Body's Made of Crushed Little Stars
67%
Cleaning Tool OrganWashing Machine Heart
64%
GuiltShame
63%
GateDoor
61%
I EstimateI Guess
61%
Lonely AffectionLonesome Love
59%
While Thoughts HailWhen Memories Snow
53%
This Is The Light That We OwnThat's Our Lamp
45%
Wait SquishyStay Soft
44%

Score Distribution

Percentile by Number Answered

Percent of People with Each Score

Your Score History

You have not taken this quiz